000 00786nam a2200289Ia 4500
001 41324
003 IT-RoPAU
008 130308s9999 xx 000 0 und d
040 _aIT-RoPAU
040 _cIT-RoPAU
041 _aFRANCESE
100 _aDurancon Jean
100 _gCodice Aut. SPICS: 17921
245 _aCet obscur objet du desir
245 _bAutour Du Scenario-Cinema, bande Dessinee, Roman-Photo, Vid
250 _a1a ed.
260 _aBRUXELLES
260 _bUniversite' De Bruxelles
260 _c1986 [1° Ed.:1986 - Ed.Ling.Originale:1986]
300 _a"3 p. (prefazione: no ; testo: 3 [pagine: 265-268])"
650 _aREGIA CINEMATOGRAFICA
650 _eCodice materia Spics: 6803
942 _cBK
957 _71
999 _c51560
_d51560
999 _bSI
999 _g1